000 003850000a22001210004500
090 _aAS
_bSeriadas
245 1 0 _aCambios diurnos de variables físicas y químicas en la zona de ritral del río Medellín, Colombia
041 0 _aEspañol
700 1 _aRamírez R., J. J.
_999374
100 1 _aUrrego, Adriana P.
_999416
942 _cARTICULO
773 1 _tCaldasia
_345
_h1
_q127-141
_d2000
_g22
999 _c14966
_d14966